000
00220 a2200097 4500
001
32808
100
_a
Grady,J.O
245
_a
System Engineering Deployment
260
_a
Boca Raton
_b
CRC Press
_c
090
_c
21977
_d
21977
942
_a
NUST-CAE
_c
M
_c
13310
999
_c
267881
_d
267881